000 01175cab a2200289 4500
001 ABS55610
008 090401t1996 xxu||||| |||| 00| 0 eng d
035 _a(Sirsi) u17557
041 _aeng
100 _aBrodtman, M.
245 _aDaily data will drive property vehicles
260 _c1996
350 _a0
490 _aProperty Week
_v56(5) 2 August 1996, 22(1)
520 _aStock Exchange proposals to list authorised property investment trusts (APUTS), property investment companies and housing investment trusts, the issue of property index certificates and the proposed creation of the Real Estate Index Market will enable valuers to provide daily and weekly valuation information required by those engaged in property investment trading activities.
650 _aAUTHORISED PROPERTY INVESTMENT TRUSTS
650 _aHOUSING INVESTMENT TRUSTS
650 _aPROPERTY INDEX CERTIFICATES
650 _aPROPERTY INVESTMENT COMPANIES
650 _aPROPERTY INVESTMENT VEHICLES
650 _aREAL ESTATE INDEX MARKET
650 _aSTOCK EXCHANGE
650 _aVALUATION ISSUES
690 _aRATING AND VALUATION
942 _n0
948 _c04/03/1997
999 _c11642
_d11642